[Event "4NCL 2021-22"]
[Site "England"]
[Date "2022.02.13"]
[Round "4.24"]
[White "Townsend, M Paul"]
[Black "Khoury, Theo"]
[Result "1/2-1/2"]
[WhiteElo "2284"]
[BlackElo "2011"]
[Annotator "ChessBase"]
[PlyCount "113"]
[EventDate "2021.11.27"]
[EventType "team-tourn"]
[EventCountry "ENG"]
[SourceTitle "playchess.com"]
[Source "ChessBase"]
[SourceQuality "1"]
[TimeControl "40/6000+30:3000+30"]

1. d4 {[%emt 0:00:17]} Nf6 {[%emt 0:00:16]} 2. Nf3 {[%emt 0:00:12]} e6 {[%emt 0:00:27]} 3. g3 {[%emt 0:00:20]} c5 {[%emt 0:00:21]} 4. Bg2 {[%emt 0:00:58]} d5 {[%emt 0:01:00]} 5. c4 {[%emt 0:00:38]} cxd4 {[%emt 0:02:26]} 6. Nxd4 {[%emt 0:01:01]} e5 {[%emt 0:00:22]} 7. Nf3 {[%emt 0:00:32]} d4 {[%emt 0:02:49]} 8. O-O {[%emt 0:00:12]} Nc6 {[%emt 0:00:27]} 9. e3 {[%emt 0:00:19]} Bc5 {[%emt 0:02:44]} 10. exd4 {[%emt 0:02:18]} exd4 {[%emt 0:01:45]} 11. Nbd2 {[%emt 0:05:49]} O-O {[%emt 0:02:35]} 12. Nb3 {[%emt 0:03:31]} Qb6 {[%emt 0:10:27]} 13. Bg5 {[%emt 0:19:33]} Ne4 {[%emt 0:04:05]} 14. Bf4 {[%emt 0:00:29]} Be6 {[%emt 0:02:10]} 15. Ne5 {[%emt 0:15:28]} f5 {[%emt 0:10:05]} 16. Rc1 {[%emt 0:09:39]} Nxe5 {[%emt 0:04:35]} 17. Bxe5 {[%emt 0:00:17]} d3 {[%emt 0:05:17]} 18. Nxc5 {[%emt 0:11:28]} Qxc5 {[%emt 0:00:09]} 19. Bf4 {[%emt 0:00:18]} Rad8 {[%emt 0:04:15]} 20. Be3 {[%emt 0:05:39]} Qb4 {[%emt 0:04:55]} 21. Qb3 {[%emt 0:05:54]} Qxb3 {[%emt 0:05:40]} 22. axb3 {[%emt 0:00:01]} b5 {[%emt 0:03:13]} 23. Rfd1 {[%emt 0:02:22]} Rd7 {[%emt 0:03:45]} 24. f3 {[%emt 0:03:05]} Nf6 {[%emt 0:03:36]} 25. Bf1 {[%emt 0:01:02]} Rfd8 {[%emt 0:03:30]} 26. Rc3 {[%emt 0:00:52]} Rb8 {[%emt 0:05:16]} 27. Rdxd3 {[%emt 0:04:18]} bxc4 {[%emt 0:02:03]} 28. Rxd7 {[%emt 0:02:18]} Nxd7 {[%emt 0:00:28]} 29. Bxc4 {[%emt 0:01:12]} Bxc4 {[%emt 0:03:35]} 30. bxc4 {[%emt 0:00:16]} Rxb2 {[%emt 0:00:18]} 31. Bxa7 {[%emt 0:00:17]} Ne5 {[%emt 0:01:31]} 32. Bf2 {[%emt 0:09:58]} Kf7 {[%emt 0:04:14]} 33. c5 {[%emt 0:00:09]} Nc6 {[%emt 0:00:21]} 34. Rd3 {[%emt 0:01:44]} Ne5 {[%emt 0:03:39]} 35. Rc3 {[%emt 0:00:47]} Nc6 {[%emt 0:00:36]} 36. Rd3 {[%emt 0:00:07]} Ne5 {[%emt 0:00:17]} 37. Ra3 {[%emt 0:00:17]} Ke6 {[%emt 0:01:36]} 38. Bd4 {[%emt 0:01:22]} Rb1+ {[%emt 0:02:14]} 39. Kf2 {[%emt 0:00:53]} Kd5 {[%emt 0:02:45]} 40. Bxe5 {[%emt 0:00:25]} Kxe5 {[%emt 0:00:07]} 41. Rc3 {[%emt 0:05:07]} Kd4 {[%emt 0:04:28]} 42. Rc2 {[%emt 0:09:29]} Rb7 {[%emt 0:02:38]} 43. c6 {[%emt 0:02:20]} Rc7 {[%emt 0:01:50]} 44. h4 {[%emt 0:01:03]} g6 {[%emt 0:02:46]} 45. g4 {[%emt 0:18:02]} fxg4 {[%emt 0:01:29]} 46. fxg4 {[%emt 0:00:09]} h5 {[%emt 0:00:20]} 47. Kg3 {[%emt 0:02:06]} Kd5 {[%emt 0:00:33]} 48. Kf4 {[%emt 0:07:34]} Rxc6 {[%emt 0:00:21]} 49. Rd2+ {[%emt 0:00:51]} Ke6 {[%emt 0:00:32]} 50. Kg5 {[%emt 0:00:11]} Kf7 {[%emt 0:01:26]} 51. Rd7+ {[%emt 0:00:27]} Kg8 {[%emt 0:00:35]} 52. gxh5 {[%emt 0:00:40]} gxh5 {[%emt 0:00:08]} 53. Kxh5 {[%emt 0:00:08]} Rb6 {[%emt 0:00:04]} 54. Kg5 {[%emt 0:00:10]} Ra6 {[%emt 0:00:03]} 55. h5 {[%emt 0:00:12]} Rb6 {[%emt 0:00:03]} 56. h6 {[%emt 0:00:14]} Rb1 {[%emt 0:00:03]} 57. Rd8+ {[%emt 0:00:27]} 1/2-1/2

[Event "4NCL 2021-22"]
[Site "England"]
[Date "2022.02.13"]
[Round "4.25"]
[White "Fodor, Tamas Jr."]
[Black "Zakarian, David"]
[Result "1-0"]
[WhiteElo "2526"]
[BlackElo "2316"]
[Annotator "TA"]
[PlyCount "73"]
[EventDate "2021.11.27"]
[EventType "team-tourn"]
[EventCountry "ENG"]
[SourceTitle "playchess.com"]
[Source "ChessBase"]
[SourceQuality "1"]

{[%evp 20,73,31,21,46,0,0,0,47,30,39,58,45,53,51,49,64,58,70,77,133,139,144,87,103,93,189,183,202,169,213,221,197,175,188,0,200,207,222,210,196,209,219,206,656,655,700,690,1397,1148,1078,1043,29989,1161,1139,1049]} 1. e4 c5 2. Nf3 e6 3. c3 Nf6 4. e5 Nd5 5. d4 cxd4 6. cxd4 d6 7. Nc3 Nxc3 8. bxc3 Qc7 9. Bd2 Nd7 10. Bd3 b6 11. Ng5 Bb7 {Prevents Qf3. B22: Sicilian: 2 c3.} 12. Qh5 (12. f4 $1 $14 {is more appropriate.}) 12... g6 $11 13. Qh3 {And now 0-0 would win.} Be7 (13... dxe5 $11 14. O-O (14. Bxg6 hxg6 15. Qxh8 Qc4 $15) 14... Be7) 14. exd6 $14 Qxd6 15. O-O Bxg5 16. Bxg5 O-O 17. Rfe1 Rac8 18. Re3 {[#]} Rfe8 $146 ({Predecessor:} 18... f5 19. Rae1 Rfe8 20. c4 Ba6 21. Qh4 Nf8 22. Bf6 Bxc4 23. Bxf5 Qd7 24. Bb1 Bd5 {0-1 (39) Kun,G (2336)-Torma,R (2416) Hungary 2013}) 19. Qh4 f5 (19... f6 $142) 20. Bf1 $16 Qd5 21. Rh3 (21. Rae1 $142) 21... Nf8 22. Bf6 {To avoid e5} Rc7 (22... Qd7 $16) 23. Be5 $18 {This bishop pair is nice.} Rf7 {Prevents Qf6.} 24. Qh6 Rc8 (24... Ree7 {is a better defense.}) 25. Rg3 f4 26. Rh3 (26. Bxf4 Qf5 27. Be3 Rxc3 $11) 26... b5 {[#]} 27. Rf3 $2 ({Don't do} 27. Bxf4 $6 Qf5 $14) ({Better is} 27. Rh4 $1 $18) 27... Qd7 $2 (27... Nd7 $11) 28. Rxf4 Rxc3 29. Rxf7 Qxf7 30. Bxb5 {[%cal Ob5e8] Threatens to win with Be8!} Rc2 31. Qh4 $40 {[%mdl 128] White goes for the king.} Bxg2 $2 (31... Rc8 32. f3 Rc3) 32. Kxg2 Qb7+ 33. Kg1 {[%cal Oh4f6]} Qxb5 34. Qf6 {[%csl Ge5][%cal Rf6g7] [#]} Qd7 {Inhibits Qg7+.} 35. Rb1 {White threatens Rb3 and mate.} Rc8 36. h4 ({Not} 36. Qh8+ Kf7 37. Rb3 Qd5 38. Qf6+ Ke8 $18) (36. Rb3 $142 Rc1+ 37. Kg2 Qd5+ 38. Rf3 Qxf3+ 39. Kxf3 Rc7 40. Bxc7 Nd7 41. Qxe6+ Kf8 42. Bd6+ Kg7 43. Qxd7+ Kh6 44. Bf8+ Kg5 45. h4+ Kxh4 46. Qg4#) 36... h6 37. Kh2 {Weighted Error Value: White=0.13 (very precise) /Black=0.66} 1-0

[Event "4NCL 2021-22"]
[Site "England"]
[Date "2022.02.13"]
[Round "4.26"]
[White "Mihov, Filip"]
[Black "Pert, Nicholas"]
[Result "1/2-1/2"]
[WhiteElo "2243"]
[BlackElo "2546"]
[Annotator "TA"]
[PlyCount "77"]
[EventDate "2021.11.27"]
[EventType "team-tourn"]
[EventCountry "ENG"]
[SourceTitle "playchess.com"]
[Source "ChessBase"]
[SourceQuality "1"]

{[%evp 11,77,0,0,0,0,0,0,0,11,19,13,-6,2,0,20,10,4,0,0,0,0,0,14,8,7,5,4,4,4,4,1,0,0,0,0,0,0,0,0,0,0,0,0,0,0,0,0,0,0,-9,0,0,0,0,0,0,0,0,0,0,0,0,0,0,0,0,0,0]} 1. d4 Nf6 2. c4 e6 3. g3 d5 4. Nf3 dxc4 5. Bg2 Nc6 6. O-O Rb8 {The position is equal.} 7. Be3 {E04: Open Catalan: 5 Nf3.} Nd5 8. Bg5 Be7 9. Bxe7 Ndxe7 {[#]} 10. e3 $146 ({Predecessor:} 10. Nc3 O-O 11. Qa4 Nxd4 12. Rfd1 b5 13. Qxa7 Nec6 14. Qc5 Qe7 15. Qxe7 Nxf3+ 16. Bxf3 Nxe7 17. a4 {½-½ (17) Dubov,D (2644)-Vocaturo,D (2574) Gjakova 2016}) 10... O-O 11. Qe2 {[%mdl 1024] White has compensation.} b5 12. b3 Ba6 13. Rc1 Nb4 {[%cal Oc7c5]} 14. Nbd2 {[%cal Rb3c4]} Nd3 15. Rc2 Nb4 16. Rcc1 c5 17. bxc4 bxc4 18. Nxc4 cxd4 19. Nxd4 Nf5 20. Nxf5 exf5 21. Qd2 Qxd2 22. Nxd2 Rfc8 {Prevents Rc7.} 23. a3 Nd3 24. Rxc8+ Rxc8 25. Nb3 g6 26. Nd4 Ne5 27. Bf1 Bb7 28. Bg2 Be4 29. Bxe4 fxe4 $11 {[%mdl 4096] Endgame KRN-KRN} 30. Rb1 Nf3+ 31. Nxf3 exf3 {KR-KR} 32. g4 Rc3 33. h3 Rxa3 34. Kh2 Ra6 35. Rb7 Ra5 36. Kg3 Kg7 37. Kxf3 h5 38. gxh5 Rxh5 39. Ke4 {An even fight not without its subleties.  Weighted Error Value: White=0.01 (flawless) /Black=0.02 (flawless)} 1/2-1/2

[Event "4NCL 2021-22"]
[Site "England"]
[Date "2022.02.13"]
[Round "4.27"]
[White "Arkell, Keith C"]
[Black "Cont, Arya"]
[Result "1-0"]
[WhiteElo "2380"]
[BlackElo "2148"]
[Annotator "RC"]
[PlyCount "277"]
[EventDate "2021.11.27"]
[EventType "team-tourn"]
[EventCountry "ENG"]
[SourceTitle "playchess.com"]
[Source "ChessBase"]
[SourceQuality "1"]
[TimeControl "40/6000+30:3000+30"]

1. d4 {[%emt 0:10:48]} d5 {[%emt 0:00:02]} 2. Nf3 {[%emt 0:00:05]} Nf6 {[%emt 0:00:06]} 3. c4 {[%emt 0:00:02]} e6 {[%emt 0:00:04]} 4. cxd5 {[%emt 0:00:04]} exd5 {[%emt 0:00:04]} 5. Nc3 {[%emt 0:00:04]} Bb4 {[%emt 0:00:04]} 6. Qa4+ {[%emt 0:00:04]} Nc6 {[%emt 0:00:05]} 7. Bg5 {[%emt 0:00:03]} h6 {[%emt 0:00:05]} 8. Bxf6 {[%emt 0:00:03]} Qxf6 {[%emt 0:00:05]} 9. e3 {[%emt 0:00:09]} O-O {[%emt 0:00:08]} 10. Be2 {[%emt 0:00:00]} Rd8 {[%emt 0:00:06]} 11. a3 {[%emt 0:00:05]} Bxc3+ {[%emt 0:01:30]} 12. bxc3 {[%emt 0:00:05]} Bg4 {[%emt 0:07:00]} 13. O-O {[%emt 0:00:07]} b6 {[%emt 0:01:00]} 14. c4 {[%emt 0:00:08]} Ne7 {[%emt 0:17:29]} 15. Rfc1 {[%emt 0:00:50]} c6 {[%emt 0:13:59]} 16. cxd5 {[%emt 0:00:10]} Rxd5 {[%emt 0:00:23]} 17. h3 {[%emt 0:03:39]} Ra5 {[%emt 0:09:04]} 18. Qd1 {[%emt 0:01:58]} Bxf3 {[%emt 0:00:29]} 19. Bxf3 {[%emt 0:00:09]} Rd8 {[%emt 0:01:43]} 20. Qe2 {[%emt 0:06:35]} c5 {[%emt 0:05:45]} 21. dxc5 {[%emt 0:00:11]} Rxc5 {[%emt 0:00:31]} 22. Rd1 {[%emt 0:03:25]} Rdc8 {[%emt 0:01:24]} 23. Rab1 {[%emt 0:01:48]} Rc2 {[%emt 0:07:24]} 24. Rd8+ {[%emt 0:04:30]} Rxd8 {[%emt 0:00:02]} 25. Qxc2 {[%emt 0:00:07]} Qf5 {[%emt 0:08:50]} 26. Qxf5 {[%emt 0:01:56]} Nxf5 {[%emt 0:00:03]} 27. Rc1 {[%emt 0:00:28]} Nd6 {[%emt 0:07:56]} 28. a4 {[%emt 0:03:24]} Rd7 {[%emt 0:02:40]} 29. Rd1 {[%emt 0:07:58]} Kf8 {[%emt 0:01:40]} 30. Bg4 {[%emt 0:00:07]} Rd8 {[%emt 0:00:05]} 31. Rc1 {[%emt 0:01:14]} Ne8 {[%emt 0:01:38]} 32. Kf1 {[%emt 0:02:11]} g6 {[%emt 0:00:53]} 33. Be2 {[%emt 0:01:05]} Rd7 {[%emt 0:03:59]} 34. g4 {[%emt 0:12:44]} Rc7 {[%emt 0:01:03]} 35. Rd1 {[%emt 0:00:02]} Ke7 {[%emt 0:00:16]} 36. h4 {[%emt 0:00:16]} Nd6 {[%emt 0:02:56]} 37. Rd4 {[%emt 0:00:50]} Rc5 {[%emt 0:03:12]} 38. Kg2 {[%emt 0:01:49]} f6 {[%emt 0:05:14]} 39. f4 {[%emt 0:05:06]} Ke6 {[%emt 0:02:35]} 40. Kf3 {[%emt 0:04:20]} g5 {[%emt 0:05:07]} 41. hxg5 {[%emt 1:03:47]} hxg5 {[%emt 0:50:32]} 42. Bd1 {[%emt 0:00:37]} gxf4 {[%emt 0:00:00]} 43. exf4 {[%emt 0:00:00]} Rc3+ {[%emt 0:00:00]} 44. Ke2 {[%emt 0:00:00]} f5 {[%emt 0:00:00]} 45. g5 {[%emt 0:00:00]} Ra3 {[%emt 0:00:00]} 46. Bc2 {[%emt 0:00:00]} a6 {[%emt 0:00:00]} 47. Rb4 {[%emt 0:00:00]} b5 {[%emt 0:00:00]} 48. axb5 {[%emt 0:00:00]} axb5 {[%emt 0:00:00]} 49. Bb3+ {[%emt 0:00:00]} Ke7 {[%emt 0:00:00]} 50. Kd3 {[%emt 0:00:00]} Ra1 {[%emt 0:00:00]} 51. Kd4 {[%emt 0:00:00]} Rb1 {[%emt 0:00:00]} 52. Kd3 {[%emt 0:09:30]} Rf1 {[%emt 0:00:00]} 53. Ba2 {[%emt 0:08:05]} Rg1 {[%emt 0:00:00]} 54. Kd4 {[%emt 0:03:17]} Rd1+ {[%emt 0:00:33]} 55. Ke3 {[%emt 0:05:17]} Re1+ {[%emt 0:00:09]} 56. Kf3 {[%emt 0:00:27]} Ne4 {[%emt 0:01:33]} 57. Rxb5 {[%emt 0:02:24]} Rf1+ {[%emt 0:02:36]} 58. Ke3 {[%emt 0:00:07]} Re1+ {[%emt 0:00:50]} 59. Kd4 {[%emt 0:00:48]} Rd1+ {[%emt 0:00:34]} 60. Ke5 {[%emt 0:01:09]} Nd6 {[%emt 0:00:14]} 61. Rb1 {[%emt 0:05:12]} Rd2 {[%emt 0:00:30]} 62. Bd5 {[%emt 0:00:29]} Re2+ {[%emt 0:00:20]} 63. Kd4 {[%emt 0:00:02]} Rd2+ {[%emt 0:00:13]} 64. Kc5 {[%emt 0:00:15]} Rc2+ {[%emt 0:00:14]} 65. Kb6 {[%emt 0:00:43]} Rf2 {[%emt 0:01:28]} 66. Re1+ {[%emt 0:01:37]} Kf8 {[%emt 0:02:27]} 67. Kc6 {[%emt 0:00:22]} Nf7 {[%emt 0:02:05]} 68. Ra1 {[%emt 0:01:00]} Rxf4 {[%emt 0:00:27]} 69. Ra8+ {[%emt 0:00:17]} Kg7 {[%emt 0:00:07]} 70. Ra7 {[%emt 0:00:02]} Kg6 {[%emt 0:00:08]} 71. Rxf7 {[%emt 0:00:38]} Kxg5 {[%emt 0:00:08]} 72. Rg7+ {[%emt 0:00:41]} Kf6 {[%emt 0:00:35]} 73. Rg8 {[%emt 0:00:38]} Rg4 {[%emt 0:00:17]} 74. Rf8+ {[%emt 0:00:09]} Ke5 {[%emt 0:00:22]} 75. Kc5 {[%emt 0:00:16]} Rg1 {[%emt 0:00:13]} 76. Re8+ {[%emt 0:00:42]} Kf4 {[%emt 0:00:05]} 77. Bc4 {[%emt 0:00:11]} Rg3 {[%emt 0:00:27]} 78. Kd4 {[%emt 0:00:02]} Ra3 {[%emt 0:01:21]} 79. Rg8 {[%emt 0:00:58]} Rg3 {[%emt 0:00:12]} 80. Rh8 {[%emt 0:00:14]} Rg1 {[%emt 0:01:18]} 81. Bd3 {[%emt 0:00:13]} Rg4 {[%emt 0:00:26]} 82. Rh1 {[%emt 0:00:41]} Rg3 {[%emt 0:00:13]} 83. Ra1 {[%emt 0:00:15]} Kg5 {[%emt 0:00:41]} 84. Rf1 {[%emt 0:00:24]} f4 {[%emt 0:00:51]} 85. Be2 {[%emt 0:01:03]} Re3 {[%emt 0:00:35]} 86. Bf3 {[%emt 0:00:05]} Kf5 {[%emt 0:00:11]} 87. Rf2 {[%emt 0:00:51]} Re8 {[%emt 0:00:12]} 88. Rg2 {[%emt 0:00:33]} Rd8+ {[%emt 0:00:25]} 89. Kc3 {[%emt 0:00:29]} Rd6 {[%emt 0:00:22]} 90. Bg4+ {[%emt 0:00:10]} Kf6 {[%emt 0:00:19]} 91. Be2 {[%emt 0:00:20]} Ke5 {[%emt 0:00:55]} 92. Rg8 {[%emt 0:00:30]} Rc6+ {[%emt 0:01:19]} 93. Kd2 {[%emt 0:00:08]} Rd6+ {[%emt 0:00:28]} 94. Ke1 {[%emt 0:00:13]} Rh6 {[%emt 0:00:56]} 95. Re8+ {[%emt 0:01:18]} Re6 {[%emt 0:00:41]} 96. Ra8 {[%emt 0:00:27]} Rh6 {[%emt 0:00:41]} 97. Ra5+ {[%emt 0:00:19]} Ke4 {[%emt 0:00:10]} 98. Ra4+ {[%emt 0:00:04]} Ke3 {[%emt 0:00:59]} 99. Ra3+ {[%emt 0:00:02]} Kd4 {[%emt 0:00:13]} 100. Kf1 {[%emt 0:02:38]} Rb6 {[%emt 0:01:05]} 101. Kf2 {[%emt 0:00:11]} Rh6 {[%emt 0:00:26]} 102. Ra4+ {[%emt 0:00:35]} Ke5 {[%emt 0:00:02]} 103. Ra5+ {[%emt 0:00:05]} Kd4 {[%emt 0:00:22]} 104. Kf3 {[%emt 0:00:05]} Rf6 {[%emt 0:00:45]} 105. Bd1 {[%emt 0:00:23]} Kd3 {[%emt 0:01:54]} 106. Rd5+ {[%emt 0:00:05]} Kc4 {[%emt 0:00:08]} 107. Rd8 {[%emt 0:00:10]} Kb4 {[%emt 0:00:37]} 108. Bc2 {[%emt 0:00:16]} Kc3 {[%emt 0:00:06]} 109. Be4 {[%emt 0:00:04]} Kc4 {[%emt 0:00:14]} 110. Rd5 {[%emt 0:00:14]} Rf8 {[%emt 0:00:12]} 111. Ra5 {[%emt 0:00:17]} Kd4 {[%emt 0:00:22]} 112. Bf5 {[%emt 0:00:13]} Re8 {[%emt 0:00:13]} 113. Ra4+ {[%emt 0:00:16]} Kd5 {[%emt 0:00:12]} 114. Be4+ {[%emt 0:00:21]} Ke5 {[%emt 0:00:16]} 115. Ra5+ {[%emt 0:00:03]} Kd4 {[%emt 0:00:35]} 116. Bg6 {[%emt 0:01:34]} Rg8 {[%emt 0:01:21]} 117. Bf7 {[%emt 0:01:16]} Rg1 {[%emt 0:00:25]} 118. Rd5+ {[%emt 0:00:03]} Kc3 {[%emt 0:00:16]} 119. Rf5 {[%emt 0:00:52]} Rf1+ {[%emt 0:03:15]} 120. Ke2 {[%emt 0:00:00]} Rh1 {[%emt 0:00:00]} 121. Rxf4 {[%emt 0:00:00]} Rh2+ {[%emt 0:00:00]} 122. Ke3 {[%emt 0:00:00]} Rh3+ {[%emt 0:00:00]} 123. Ke4 {[%emt 0:00:00]} Rd3 {[%emt 0:00:00]} 124. Rf1 {[%emt 0:00:00]} Rd4+ {[%emt 0:00:00]} 125. Ke5 {[%emt 0:00:00]} Rd7 {[%emt 0:00:00]} 126. Be6 {[%emt 0:00:00]} Ra7 {[%emt 0:00:00]} 127. Rf3+ {[%emt 0:00:03]} Kd2 {[%emt 0:00:00]} 128. Kd4 {[%emt 0:00:06]} Ke2 {[%emt 0:00:00]} 129. Rf8 {[%emt 0:00:18]} Rg7 {[%emt 0:00:00]} 130. Bc4+ {[%emt 0:00:09]} Kd2 {[%emt 0:00:27]} 131. Rf2+ {[%emt 0:00:02]} Ke1 {[%emt 0:00:10]} 132. Re2+ {[%emt 0:00:27]} Kd1 {[%emt 0:00:02]} 133. Rh2 {[%emt 0:00:24]} Rg3 {[%emt 0:02:46]} 134. Bd3 {[%emt 0:00:08]} Rg8 {[%emt 0:00:47]} 135. Kc3 {[%emt 0:00:09]} Rc8+ {[%emt 0:00:18]} 136. Bc4 {[%emt 0:00:02]} Ke1 {[%emt 0:00:38]} 137. Re2+ {[%emt 0:00:08]} Kd1 {[%emt 0:00:03]} 138. Re7 {[%emt 0:00:10]} Rc6 {[%emt 0:00:32]} 139. Rf7 {[%emt 0:00:08]} 1-0

[Event "4NCL 2021-22"]
[Site "England"]
[Date "2022.02.13"]
[Round "4.28"]
[White "Cole, James"]
[Black "Kirk, Ezra"]
[Result "0-1"]
[WhiteElo "2040"]
[BlackElo "2438"]
[Annotator "TA"]
[PlyCount "88"]
[EventDate "2021.11.27"]
[EventType "team-tourn"]
[EventCountry "ENG"]
[SourceTitle "playchess.com"]
[Source "ChessBase"]
[SourceQuality "1"]

{[%evp 26,87,25,30,40,35,37,41,61,65,107,112,101,106,117,109,231,99,84,0,209,0,246,239,242,198,177,182,159,90,101,89,114,125,125,12,12,0,31,14,73,0,0,-28,-43,-160,-144,-147,-144,-282,-237,-279,-286,-278,-268,-29986,-29987,-29996,-29997,-29997,-29998,-29998,-29999,-29999]} 1. d4 Nf6 2. c4 g6 3. g3 Bg7 4. Bg2 d6 5. Nc3 O-O 6. Nf3 Nc6 7. O-O Bg4 8. d5 Na5 9. Nd2 c5 10. Qc2 a6 11. b3 {[%cal Bb2b3,Bb3c4,Bc4d5][%mdl 32]} b5 12. h3 Bd7 13. Rb1 Rb8 14. Bb2 Qc7 {14...e5 is more advanced technology. E62: King's Indian: Fianchetto: 6...c6 and Panno Variation (6...Nc6) without ...a6.} 15. Rfc1 bxc4 16. bxc4 {[#]} e5 $146 {White is slightly better.} ({Predecessor:} 16... Rb4 17. Ba3 Rxb1 18. Rxb1 Rb8 19. Bf1 Rxb1 20. Ncxb1 Qc8 21. Kh2 Qb8 22. Nc3 Ne8 {1-0 (64) Komnenic,B (2255)-Perunovic,L (1915) Kraljevo 2014}) 17. dxe6 Bxe6 (17... fxe6 $14 18. Nce4 Nxe4 19. Nxe4 Bxb2 20. Rxb2 Bc6) 18. Nd5 $16 Bxd5 19. cxd5 Rfe8 20. e3 Nb7 (20... Rb5 $16) 21. Nc4 (21. Qa4 $18 {is more deadly.}) 21... Na5 22. Nd2 (22. Na3 $16) 22... Nb7 $1 $18 23. Nc4 ({Better is} 23. Qa4 $18) 23... Nd7 $2 (23... Na5 $11) 24. Bxg7 Kxg7 25. Qc3+ f6 26. f4 $1 Nd8 27. e4 (27. Rxb8 $142 Qxb8 28. Qa3) 27... Nf7 $16 28. h4 Rxb1 29. Rxb1 Rb8 30. Re1 (30. Rxb8 $16 Qxb8 31. Qb3) 30... Nb6 $1 $11 31. Qa5 Qa7 (31... Rb7 $5 {[%cal Rb6c4]} 32. Bf1 (32. Qxa6 Nxc4 33. Qxc4 Rb2 $14) 32... Nxc4 33. Qxc7 Rxc7 34. Bxc4 a5 $14) 32. Ne3 Nd7 (32... Na8 $1 $11 {keeps the balance.}) 33. Bh3 (33. Qc3 $16) 33... Rb4 34. Ng2 Qb6 35. Qa3 ({White must play} 35. Qxb6 $1 $15 Nxb6 36. Kf2) 35... c4+ $17 36. Kh2 Nc5 {[%cal Bd7c5,Bc5d3,Bd3f2][%mdl 32] Strongly threatening ...Nd3.} 37. Be6 {[#]} (37. Qc3 $17 {is a better defense.}) 37... Nd3 $1 $19 {Pair of Knights!} 38. Rf1 {[#]} Rb1 $1 ({And not} 38... Rb2 39. Qc3 $19) 39. Rxb1 Qxb1 40. Qxa6 $2 ({Don't go for} 40. Bxf7 $2 Nf2 41. g4 Qh1+ 42. Kg3 Nxe4+ 43. Kf3 Qh3+ 44. Kxe4 Qxa3 $19) (40. Qc3 $19 Qxa2 41. Bg4) 40... Nf2 {[%csl Gf2][%cal Rb1h1] Black mates.} 41. g4 Qh1+ 42. Kg3 Nxe4+ 43. Kf3 Qf1+ 44. Kxe4 Qd3# $1 {Never resign too early!  Weighted Error Value: White=0.71/Black=0.21 (precise)} 0-1

[Event "4NCL 2021-22"]
[Site "England"]
[Date "2022.02.13"]
[Round "4.29"]
[White "Pert, Richard G"]
[Black "Nataraj, Nakul"]
[Result "1-0"]
[WhiteElo "2415"]
[BlackElo "2115"]
[Annotator "TA"]
[PlyCount "65"]
[EventDate "2021.11.27"]
[EventType "team-tourn"]
[EventCountry "ENG"]
[SourceTitle "playchess.com"]
[Source "ChessBase"]
[SourceQuality "1"]

{[%evp 15,65,20,45,42,32,42,66,55,55,62,103,57,65,37,77,21,24,0,0,7,21,16,16,14,42,39,37,34,34,35,41,43,49,35,37,16,76,76,76,76,79,88,95,100,340,275,294,254,772,759,752,736]} 1. e4 e6 2. d4 d5 3. Nd2 Nf6 4. e5 Nfd7 5. Ngf3 c5 6. c3 Nc6 7. Bd3 Be7 8. O-O O-O 9. Re1 {C06: French Tarrasch: 3...Nf6 4 e5 Nfd7 5 Bd3 main lines.} f6 10. exf6 Bxf6 {[%cal Rc5d4]} 11. Rxe6 {White is more active. White is slightly better.} cxd4 12. cxd4 ({Stronger than} 12. Qc2 Nde5 13. Rxc6 (13. Bxh7+ Kh8 $17) 13... Nxc6 $17) 12... Nxd4 (12... Nc5 $14 {feels stronger.} 13. Rxf6 Nxd3 14. Rxf8+ Qxf8) 13. Nxd4 (13. Rd6 $1 $16 {[%cal Rd6d5]}) 13... Bxd4 $14 14. Nf3 {Inhibits Qh4.} Nc5 {[#] Hoping for ...Rxf3.} 15. Re1 $146 (15. Bg5 $1 $16 {[%cal Rg5d8]} Bxf2+ 16. Kh1) ({Predecessor:} 15. Nxd4 Nxe6 16. Nxe6 Bxe6 17. Qh5 g6 18. Bxg6 Qe7 19. Bh6 hxg6 20. Qxg6+ Kh8 21. Bxf8 Rxf8 22. Qh6+ Kg8 23. Qg6+ {½-½ (23) Waterfield,J (2015)-McCullough,S (2080) Sunningdale 2008}) 15... Bf6 $11 16. h3 {Inhibits Bg4.} b6 17. Bf1 Bb7 18. Be3 Qd6 ({Not} 18... Bxb2 19. Bxc5 bxc5 20. Rb1 $16) 19. Bd4 Rad8 20. Rc1 Ne6 21. Bxf6 Rxf6 22. Nd4 Nxd4 23. Qxd4 Rf4 24. Qe3 Re4 {To avoid Qe7} 25. Qb3 Kh8 (25... Rxe1 $11 {remains equal.} 26. Rxe1 Rf8) 26. Rxe4 $16 dxe4 27. Qf7 Bd5 28. Qxa7 e3 29. fxe3 Qg3 $2 {This move loses the game for Black.} (29... Qe6 $16 {was called for.} 30. Qa3 Bxa2) 30. Qe7 Rg8 31. b3 {aiming for Rd1.} b5 $2 (31... Ra8 32. Rc2 h6) 32. Rd1 $18 Bc6 33. Rd8 {Weighted Error Value: White=0.12 (very precise) /Black=0.36} 1-0